| 000 | 00559naa a22002171a 4500 | ||
|---|---|---|---|
| 001 | 80965) | ||
| 003 | BD-RjUL | ||
| 005 | 20221213144252.0 | ||
| 008 | 221213s1934 ii ||||| |||| 00| 0 eng d | ||
| 035 | _a(BD-RjUL)80965) | ||
| 040 |
_aBD-RjUL _beng _cBD-RjUL |
||
| 041 | _aeng | ||
| 041 | _aara | ||
| 082 |
_a297.122521 _223 _bALH 1934 |
||
| 100 |
_aAli, Abdullah Yusuf _96315 |
||
| 245 | 1 | 4 |
_aThe Holly Quran / _cAbdullah Yusuf Ali |
| 260 |
_aLahore : _c1934 |
||
| 300 |
_a468 p. ; _c24 cm |
||
| 650 |
_aQuran _vInterpretations _96316 |
||
| 942 |
_2ddc _cBK |
||
| 999 |
_c80965 _d80965 |
||